|
|
|
|
| LEADER |
00000nam a2200000 a 4500 |
| 005 |
20130708183258.0 |
| 007 |
cr|||| |||| |
| 008 |
070116s2004 ag |||||| 000 ||spa|| |
| 020 |
|
|
|a 987114525X
|
| 035 |
|
|
|a 11369
|
| 040 |
|
|
|a vLex
|
| 090 |
|
|
|c 4389
|d 4389
|
| 100 |
1 |
|
|a Arocena, Gustavo A.
|
| 245 |
1 |
0 |
|a Inseguridad urbana y ley penal
|h [Recurso electrn̤ico] :
|b el uso polt̕ico del derecho penal frente al problema real de la inseguridad ciudadana /
|c Gustavo A. Arocena ; prl̤ogo de Carlos Julio Lascano (h)
|
| 256 |
|
|
|a Servicio en ln̕ea
|
| 260 |
|
|
|a Cr̤doba (Argentina) :
|b Alveroni,
|c cop. 2004
|
| 300 |
|
|
|a 1 recurso electrn̤ico
|
| 504 |
|
|
|a Bibliografa̕
|
| 506 |
1 |
|
|a Contenido solo disponible en los productos indicados
|d vLex Global
|d vLex Global (Academic Edition, excluding Law Schools)
|d vLex Global (U.S. Academic Edition, Law Schools)
|d vLex Global (U.S. Academic Edition, excluding Law Schools)
|d vLex Global (Academic Edition, Law Schools)
|
| 650 |
0 |
4 |
|a Seguridad ciudadana
|z Argentina
|
| 650 |
0 |
4 |
|a Polt̕ica criminal
|z Argentina
|
| 650 |
0 |
4 |
|a Prevencin̤ del delito
|z Argentina
|
| 650 |
0 |
4 |
|a Derecho penal
|z Argentina
|
| 740 |
0 |
|
|a vLex Libros (Servicio en ln̕ea)
|
| 830 |
|
0 |
|a Lecciones y ensayos (Alveroni) ;
|v 23
|
| 856 |
4 |
0 |
|u http://vlex.com/source/inseguridad-urbana-y-ley-penal-el-uso-politico-del-derecho-penal-frente-al-problema-real-de-la-inseguridad-ciudadana-11369
|z Acceso restringido
|
| 942 |
|
|
|c BOOK
|